书目信息 |
| 题名: |
百年报告文学
|
|
| 作者: | 王晖 著 | |
| 分册: | ||
| 出版信息: | 长春 吉林人民出版社 2005 |
|
| 页数: | 266页 | |
| 开本: | 20cm | |
| 丛书名: | ||
| 单 册: | ||
| 中图分类: | I207.5 | |
| 科图分类: | ||
| 主题词: | 报告文学--文学研究--中国--现代 , 报告文学 , 文学研究 | |
| 电子资源: | ||
| ISBN: | 7-206-04210-4 | |
| 000 | 00867nam0 2200277 45 | |
| 001 | 01200620000007 | |
| 005 | 20070709084449.60 | |
| 010 | @a7-206-04210-4@dCNY30.00 | |
| 092 | @aCN@b489546 | |
| 100 | @a20060405d2005 em y0chiy0120 ea | |
| 101 | 0 | @achi |
| 102 | @aCN@b220000 | |
| 105 | @ay z 000zy | |
| 200 | 1 | @a百年报告文学@9bai nian bao gao wen xue@e文体流变与批评态势@f王晖著 |
| 205 | @a2版 | |
| 210 | @a长春@c吉林人民出版社@d2005 | |
| 215 | @a266页@d20cm | |
| 320 | @a有书目(第257~263页) | |
| 330 | @a本书分为五章:“百年报告文学体裁与语言体式”、“百年报告文学的叙述模式”、“文学语式与文体流变”、“百年报告文学批评态势”等。 | |
| 606 | 0 | @a报告文学@x文学研究@y中国@z现代 |
| 606 | 0 | @a报告文学 |
| 606 | 0 | @a文学研究 |
| 690 | @aI207.5@v4 | |
| 701 | 0 | @a王晖@9wang hui@4著 |
| 801 | 0 | @aCN@bLZJBOOK@c20070709 |
| 905 | @a10447@dI207.5@e589=2 | |
| 百年报告文学:文体流变与批评态势/王晖著.-2版.-长春:吉林人民出版社,2005 |
| 266页;20cm |
| ISBN 7-206-04210-4:CNY30.00 |
| 本书分为五章:“百年报告文学体裁与语言体式”、“百年报告文学的叙述模式”、“文学语式与文体流变”、“百年报告文学批评态势”等。 |
| ● |
| 相关链接 |
|
|
|
|
正题名:百年报告文学
索取号:I207.5/589=2
 
预约/预借
| 序号 | 登录号 | 条形码 | 馆藏地/架位号 | 状态 | 备注 |
| 1 | 0560952 | 205609527 | 第一样本阅览室/ [索取号:I207.5/589=2] | 在馆 | |
| 2 | 0560953 | 205609536 | 第二借阅区/ [索取号:I207.5/589=2] | 在馆 | |
| 3 | 0560954 | 205609545 | 第二借阅区/ [索取号:I207.5/589=2] | 在馆 | |
| 4 | 0560955 | 205609554 | 第二借阅区/ [索取号:I207.5/589=2] | 在馆 | |
| 5 | 0560956 | 205609563 | 第二借阅区/ [索取号:I207.5/589=2] | 在馆 | |
| 6 | 0560957 | 205609572 | 第二借阅区/ [索取号:I207.5/589=2] | 在馆 | |
| 7 | 0560958 | 205609581 | 第二借阅区/ [索取号:I207.5/589=2] | 在馆 | |
| 8 | 0560959 | 205609590 | 第二借阅区/ [索取号:I207.5/589=2] | 在馆 |